Záchrana skrytého dedičstva európskych drevených kostolov : medzinárodná metodológia pre implementáciu databázy pre projekty obnovy, sprievodná výstava /
Uloženo v:
| Hlavní autoři: | , |
|---|---|
| Médium: | Kniha |
| Jazyk: | slovenština |
| Vydáno: |
Bratislava :
Slovenská technická univerzita v Bratislave,
2008
|
| Vydání: | [1. vyd.] |
| Témata: | |
| ISBN: | 9788022728348 |
| On-line přístup: |
|
| Tagy: |
Přidat tag
Žádné tagy, Buďte první, kdo vytvoří štítek k tomuto záznamu!
|
MARC
| LEADER | 00000nam a2200000 4500 | ||
|---|---|---|---|
| 003 | SK-BrCVT | ||
| 005 | 20220925165620.0 | ||
| 008 | 100428s2008 xo e ||||||slo d | ||
| 020 | |a 9788022728348 | ||
| 035 | |a CVTIDW1524103 | ||
| 040 | |b slo |a CVTI SR |e AACR2 | ||
| 041 | 0 | |a slo | |
| 044 | |a xo | ||
| 080 | |a 726.54 |2 UDC-MRF | ||
| 080 | |a 719 |2 UDC-MRF | ||
| 100 | 1 | |a Kráľová, Eva |4 aut | |
| 245 | 1 | 0 | |a Záchrana skrytého dedičstva európskych drevených kostolov : |b medzinárodná metodológia pre implementáciu databázy pre projekty obnovy, sprievodná výstava / |c Autori: Eva Kráľová, Ivana Lisická ... [et al.] |
| 250 | |a [1. vyd.] | ||
| 260 | |a Bratislava : |b Slovenská technická univerzita v Bratislave, |c 2008 | ||
| 300 | |a [50 s.] : |b fotogr., obr. ; | ||
| 653 | 1 | |a cirkevná architektúra |a architektonická pamiatka |a rímsko-katolícky kostol |a gréckokatolícky chrám |a škodlivý činiteľ | |
| 655 | 4 | |a prehľady | |
| 700 | 1 | |a Lisická, Ivana |4 aut | |
| 910 | |b A610714, A610715 | ||
| 919 | |a 978-80-227-2834-8 | ||
| 974 | |f Knihy |b CLI CLI | ||
| 992 | |a APH | ||
| 999 | |c 151732 |d 151732 | ||

